00465nam a2200157Ia 4500008004100000020001400041082001500055100002300070245004300093250000700136260004500143300002900188500001900217600002100236650005000257240925s9999 xx 000 0 und d a132709929 a005.75 YOU aYoung ,Douglas A. 0aNetscape Developer's Guide to Pulg-ins aNA aNew Jersey:bPrintice- Hall Int.c,1997. axxii,922p.bNAfOriginal aIncludes Index aComputer Science aComputer science, information & general works